| 000 | 00596nam a2200241 a 4500 | ||
|---|---|---|---|
| 001 | nice12345678 | ||
| 003 | IN_TiNIC | ||
| 005 | 20260116012154.0 | ||
| 008 | 050524s1951 hyda grp 000 0 urd | ||
| 020 |
_a _c100 |
||
| 082 | 0 | 0 |
_a297.831 _bQAS2 |
| 100 | _aQasim, Saiyyid | ||
| 245 | _aAfzal-Ul-Mujazaat-Ul-Mahdi | ||
| 260 |
_aHyderabad _bJamiyyat-E-Mahdaviations _c1951 |
||
| 300 | _a80p | ||
| 500 | _aincludes index and biblioraphy | ||
| 505 | 2 | _athree parts of first volume | |
| 650 | _aMahdavia | ||
| 700 | 1 | _aQasim, Saiyyid | |
| 902 | _bSRS | ||
| 942 | _cBK | ||
| 999 |
_c5933 _d5933 |
||